书目信息 |
| 题名: |
培根哲理随笔
|
|
| 作者: | 培根 著 ;王悦 编 | |
| 分册: | ||
| 出版信息: | 长春 吉林人民出版社 2010.07 |
|
| 页数: | 202页 | |
| 开本: | 23cm | |
| 丛书名: | 青少年求知文库 | |
| 单 册: | ||
| 中图分类: | I561.63 | |
| 科图分类: | ||
| 主题词: | 随笔--作品集--英国--中世纪 | |
| 电子资源: | ||
| ISBN: | 978-7-206-06882-9 | |
| 000 | 00711nam0 22002531 450 | |
| 001 | 005076406 | |
| 005 | 20111229171523.32 | |
| 010 | @a978-7-206-06882-9@dCNY25.80 | |
| 049 | @aN120000TJC@bUCS01004743470 | |
| 100 | @a20101124d2010 em y0chiy50 ea | |
| 101 | 0 | @achi |
| 102 | @aCN@b220000 | |
| 105 | @ay z 000cy | |
| 200 | 1 | @a培根哲理随笔@9pei gen zhe li sui bi@f王悦编 |
| 210 | @a长春@c吉林人民出版社@d2010.07 | |
| 215 | @a202页@d23cm | |
| 225 | 2 | @a青少年求知文库 |
| 410 | 0 | @12001 @a青少年求知文库 |
| 606 | 0 | @a随笔@x作品集@y英国@z中世纪 |
| 690 | @aI561.63@v4 | |
| 701 | 0 | @a培根@Apei gen@4著 |
| 702 | 0 | @a王悦@9wang yue@4编 |
| 801 | 0 | @aCN@bTST@c20111229 |
| 905 | @aZUCC@dI561.63@eP3621@f3 | |
| 培根哲理随笔/王悦编.-长春:吉林人民出版社,2010.07 |
| 202页;23cm.-(青少年求知文库) |
| ISBN 978-7-206-06882-9:CNY25.80 |
| ● |
| 相关链接 |
|
|
|
正题名:培根哲理随笔
索取号:I561.63/P3621
 
预约/预借
| 序号 | 登录号 | 条形码 | 馆藏地/架位号 | 状态 | 备注 |
| 1 | 1188968 | 211889688 | 文学库116/116文学库 22排2列2层/ [索取号:I561.63/P3621] | 在馆 | |
| 2 | 1188969 | 211889697 | 社科二线422/422社科库 27排2列5层/ [索取号:I561.63/P3621] | 在馆 | |
| 3 | 1188970 | 211889704 | 文学库116/116文学库 22排2列2层/ [索取号:I561.63/P3621] | 在馆 |